书目信息 |
| 题名: |
茅盾文集
|
|
| 作者: | 茅盾 著 ;钟桂松 编 | |
| 分册: | 第9卷 短篇小说 | |
| 出版信息: | 北京 中华工商联合出版社 2015 |
|
| 页数: | 355页 | |
| 开本: | 24cm | |
| 丛书名: | ||
| 单 册: | ||
| 中图分类: | I217.42 , I246.7 | |
| 科图分类: | ||
| 主题词: | 短篇小说--duan pian xiao shuo--小说集--中国--1934-1948 | |
| 电子资源: | ||
| ISBN: | 978-7-5158-1490-2 | |
| 000 | 00951nam0 22002651 450 | |
| 001 | 0117143952 | |
| 005 | 20170619150447.57 | |
| 010 | @a978-7-5158-1490-2@dCNY45.00 | |
| 100 | @a20160425d2015 em y0chiy50 ea | |
| 101 | 0 | @achi |
| 102 | @aCN@b110000 | |
| 105 | @ay z 000ay | |
| 106 | @ar | |
| 200 | 1 | @a茅盾文集@Amao dun wen ji@h第9卷@i短篇小说@e1934-1948@f茅盾著@g钟桂松编 |
| 210 | @a北京@c中华工商联合出版社@d2015 | |
| 215 | @a355页@d24cm | |
| 330 | @a本书为《茅盾文集》第9卷,收录了茅盾在1934年至1948年间创作的短篇小说33篇。包括:《赛会》、《赵先生想不通》、《微波》、《有志者》、《尚未成功》等。 | |
| 600 | 0 | @a茅盾@Amao dun@f(1896-1981)@j全集 |
| 606 | 0 | @a短篇小说@Aduan pian xiao shuo@x小说集@y中国@z1934-1948 |
| 690 | @aI217.42@v5 | |
| 690 | @aI246.7@v5 | |
| 701 | 0 | @a茅盾@Amao dun@f(1896~1981)@4著 |
| 702 | 0 | @a钟桂松@Azhong gui song@f(1953~)@4编 |
| 801 | 0 | @aCN@bTANG WEI@c20170612 |
| 905 | @b0972724-8@dI217.42@e781:9@f5 | |
| 茅盾文集.第9卷.短篇小说:1934-1948/茅盾著/钟桂松编 .-北京:中华工商联合出版社,2015 |
| 355页;24cm |
| ISBN 978-7-5158-1490-2:CNY45.00 |
| 本书为《茅盾文集》第9卷,收录了茅盾在1934年至1948年间创作的短篇小说33篇。包括:《赛会》、《赵先生想不通》、《微波》、《有志者》、《尚未成功》等。 |
| ● |
| 相关链接 |
|
|
|
|
正题名:茅盾文集
索取号:I217.42/781:9
 
预约/预借
| 序号 | 登录号 | 条形码 | 馆藏地/架位号 | 状态 | 备注 |
| 1 | 0972724 | 209727241 | 第一样本阅览室/ [索取号:I217.42/781:9] | 在馆 | |
| 2 | 0972725 | 209727250 | 第二借阅区/ [索取号:I217.42/781:9] | 在馆 | |
| 3 | 0972726 | 209727269 | 第二借阅区/ [索取号:I217.42/781:9] | 在馆 | |
| 4 | 0972727 | 209727278 | 第二借阅区/ [索取号:I217.42/781:9] | 在馆 | |
| 5 | 0972728 | 209727287 | 第二借阅区/ [索取号:I217.42/781:9] | 在馆 |